North American Country Borders - Statistics

General Stats
  • This quiz has been taken 18 times
  • The average score is 37 of 45
Answer Stats
Question Tile Select % Correct
Costa Rica 1 No
93%
Costa Rica 2 Yes
93%
Costa Rica 4 No
93%
Costa Rica 5 No
93%
Costa Rica 6 No
93%
Costa Rica 7 No
93%
Costa Rica 8 No
93%
Costa Rica 9 No
93%
Guatemala 1 No
87%
Mexico 1 No
87%
Guatemala 2 No
87%
Costa Rica 3 No
87%
Belize 4 No
87%
Belize 5 No
87%
Guatemala 5 No
87%
Mexico 5 No
87%
Belize 6 No
87%
Guatemala 6 No
87%
Mexico 6 No
87%
Belize 7 No
87%
Guatemala 7 No
87%
Mexico 7 No
87%
Belize 8 No
87%
Guatemala 8 No
87%
Mexico 8 No
87%
Belize 9 No
87%
Guatemala 9 No
87%
Mexico 9 No
87%
Nicaragua 1 No
80%
Mexico 4 No
80%
Nicaragua 5 No
80%
Nicaragua 6 No
80%
Nicaragua 7 No
80%
Nicaragua 8 No
80%
Nicaragua 9 No
80%
Belize 3 No
73%
Nicaragua 4 No
73%
Belize 1 No
67%
Mexico 2 No
67%
Mexico 3 Yes
67%
Belize 2 Yes
60%
Nicaragua 2 Yes
60%
Nicaragua 3 No
60%
Guatemala 4 Yes
60%
Guatemala 3 No
53%
No matching quizzes found
Score Distribution
Percent of People with Each Score
Percentile by Number Answered
Your Score History
You have not taken this quiz